[Event "Pulvérisation CaroKannisante!"]
[Site "SchemingMind.com"]
[Date "2006.05.20"]
[Round "-"]
[White "ghanafeast"]
[Black "smsrdan"]
[Result "0-1"]
[WhiteCountry "GER"]
[BlackCountry "SRB"]
[WhiteElo "1714"]
[WhiteRD "81"]
[BlackElo "1999"]
[BlackRD "90"]
[GameID "51584"]

1. e4 c6 2. d4 d5 3. exd5 cxd5 4. c4 Nf6 5. Nc3 e6 6. Bd3 dxc4 7. Bxc4 Be7 8. Nf3 O-O 9. O-O a6 10. a4 Bd7
11. b3 Qc7 12. Be3 Nc6 13. Rc1 h6 14. Re1 Nb8 15. Ne2 Qa5 16. Bd2 Bb4 17. Rc2 Bc6 18. Nc3 Nbd7 19. d5 exd5 20. Nxd5 Bxd5
21. Bxb4 Qxb4 22. Bxd5 Nxd5 23. Qxd5 Nf6 24. Qc4 Qxc4 25. Rxc4 Rac8 26. Rxc8 Rxc8 27. Nd4 Rc3 28. Rb1 Rd3 29. Nc2 Ne4 30. Ne3 Nc5
31. b4 Nxa4 32. b5 Nc3 33. Rb4 Nxb5 34. h3 g6 35. g4 Rd8 36. Nc2 Kg7 37. Kg2 Rc8 38. Na1 Rc1 39. Nb3 Rb1 40. f4 h5
41. Kf3 Rxb3+ 42. Rxb3 Nd4+
0-1

[Event "Pulvérisation CaroKannisante!"]
[Site "SchemingMind.com"]
[Date "2006.05.20"]
[Round "-"]
[White "ghanafeast"]
[Black "McKnights"]
[Result "0-1"]
[WhiteCountry "GER"]
[BlackCountry "USA"]
[WhiteElo "1682"]
[WhiteRD "82"]
[BlackElo "1749"]
[BlackRD "58"]
[GameID "51585"]

1. e4 c6 2. d4 d5 3. Nc3 e6 4. Nf3 Bb4 5. Bg5 f6 6. Bd2 Bxc3 7. bxc3 dxe4 8. Ng1 Ne7 9. Bc4 Nd5 10. Ne2 Nd7
11. O-O O-O 12. Nf4 N7b6 13. Nxd5 exd5 14. Bb3 Bf5 15. Qe2 Bg6 16. c4 dxc4 17. Bxc4+ Nd5 18. Bb3 Kh8 19. c4 Ne7 20. c5 Qxd4
21. Rac1 Rad8 22. Rfd1 Nd5 23. Be3 Qe5 24. Bxd5 Rxd5 25. Rxd5 Qxd5 26. Qb2 Rd8 27. h3 Bf7 28. a3 Qd7 29. Qe2 Qd3 30. Qxd3 Rxd3
31. Rb1 Rb3 32. Ra1 h6 33. Kh2 g5 34. g4 Kg7 35. a4 Bd5 36. a5 a6 37. Bd4 Kg6 38. Kg2 f5 39. Rc1 fxg4 40. hxg4 h5
41. gxh5+ Kxh5 42. Rh1+ Kg6 43. Ra1 Kf5 44. Be3= Bc4 45. Kg3 Be2 46. Ra2 Bf3 47. Ra1 g4 48. Rd1 Bxd1
0-1

[Event "Pulvérisation CaroKannisante!"]
[Site "SchemingMind.com"]
[Date "2006.05.21"]
[Round "-"]
[White "sansubari"]
[Black "ghanafeast"]
[Result "0-1"]
[WhiteCountry "MAS"]
[BlackCountry "GER"]
[WhiteElo "1707"]
[WhiteRD "62"]
[BlackElo "1714"]
[BlackRD "81"]
[GameID "51586"]

1. e4 c6 2. d4 d5 3. e5 Bf5 4. Nf3 e6 5. Nh4 Qxh4 6. g3 Qe4+ 7. Be3 Qxh1 8. Nd2 Bb4 9. c3 Ba5 10. b4 Bb6
11. h4 Bh3 12. Qe2 Bxf1 13. Nxf1 Qe4 14. a4 a5 15. b5 c5 16. dxc5 Bd8 17. f4 Nh6 18. Kd2 Nf5 19. h5 d4 20. cxd4 Nxd4
21. Bxd4 Qxd4+ 22. Qd3 Qb2+ 23. Ke3 Qxa1
0-1

[Event "Pulvérisation CaroKannisante!"]
[Site "SchemingMind.com"]
[Date "2006.05.19"]
[Round "-"]
[White "fouche"]
[Black "ghanafeast"]
[Result "1-0"]
[WhiteCountry "COL"]
[BlackCountry "GER"]
[WhiteElo "1606"]
[WhiteRD "59"]
[BlackElo "1714"]
[BlackRD "81"]
[GameID "51588"]

1. e4 c6 2. d4 d5 3. Nc3 dxe4 4. Nxe4 Bf5 5. Ng3 g6 6. Nxf5 gxf5 7. Bf4 Qb6 8. Rb1 Bg7 9. c3 e6 10. Nf3 Nd7
11. Bd3 Ne7 12. O-O Ng6 13. Bd6 c5 14. dxc5 Nxc5 15. Bxc5 Qxc5 16. Qa4+ Ke7 17. Rbd1 a6 18. Rfe1 Rhe8 19. Ng5 Rad8 20. Qb4 Qxb4
21. cxb4 h6 22. Nf3 Bxb2 23. Bc2 Bc3 24. Rxd8 Rxd8 25. Rd1 Bxb4 26. Kf1 Bd6 27. g3 h5 28. Rc1 f4 29. Be4 Rd7 30. Ke2 f5
31. Bc2 Ba3 32. Rd1 Rc7 33. Bb3 b5 34. Nd4 fxg3 35. hxg3 Nf8 36. Rh1 Bc5 37. Nf3 Kf6 38. Rxh5 Kg6 39. Rg5+ Kf6 40. Rg8 Rc6
41. g4 a5 42. gxf5 Kxf5 43. Bc2+ Kf4 44. Bd3 b4 45. Nh2 Nd7 46. Rg4+ Ke5 47. Nf3+ Kd6 48. Nd2 Bb6 49. Nc4+ Kc5 50. Rg5+ Kd4
51. Nxa5 Bxa5 52. Rxa5 Rc3 53. Bh7 Nf8 54. Bg8 Rc2+ 55. Kf3 Kd3 56. Ra8
1-0

[Event "Pulvérisation CaroKannisante!"]
[Site "SchemingMind.com"]
[Date "2006.05.19"]
[Round "-"]
[White "MatdeInverses"]
[Black "ghanafeast"]
[Result "1-0"]
[WhiteCountry "USA"]
[BlackCountry "GER"]
[WhiteElo "1978"]
[WhiteRD "46"]
[BlackElo "1714"]
[BlackRD "81"]
[GameID "51589"]

1. e4 c6 2. d4 d5 3. exd5 cxd5 4. c4 Nf6 5. Nc3 g6 6. cxd5 Nxd5 7. Nf3 Bg4 8. Qb3 b6 9. Qxd5 Qxd5 10. Nxd5 Bg7
11. Nc7+ Kd8 12. Nxa8 Kc8 13. Be3 Kb7 14. Bc4 Be6 15. Bxe6 fxe6 16. Nxb6 axb6 17. O-O Kc6 18. a4 Kd5 19. a5 Nc6 20. axb6 Rb8
21. Rfc1
1-0

[Event "Pulvérisation CaroKannisante!"]
[Site "SchemingMind.com"]
[Date "2006.05.20"]
[Round "-"]
[White "smsrdan"]
[Black "ghanafeast"]
[Result "1-0"]
[WhiteCountry "SRB"]
[BlackCountry "GER"]
[WhiteElo "1999"]
[WhiteRD "90"]
[BlackElo "1714"]
[BlackRD "81"]
[GameID "51590"]

1. e4 c6 2. d4 d5 3. Nc3 g6 4. e5 Bg7 5. f4 Nh6 6. Be3 Nf5 7. Bf2 O-O 8. Nf3 e6 9. Be2 c5 10. dxc5 Nd7
11. b4 Qc7 12. Nb5 Qb8 13. g4 Nh6 14. h3 f6 15. Nfd4 a6 16. Nd6 Nxe5 17. fxe5 Bd7 18. exf6 Bxf6 19. O-O Be5 20. Qd2 Nf7
21. Nxf7 Rxf7 22. Kg2 Qc7 23. Bh4 Bg7 24. Rxf7 Kxf7 25. Rf1+ Kg8 26. c3 e5 27. Bg3 Qd8 28. Nf3 e4 29. Qxd5+ Kh8 30. Ne5 Bc6
31. Nf7+ Kg8 32. Qxd8+ Rxd8 33. Nxd8 Bd5 34. c4 e3+ 35. cxd5
1-0

[Event "Pulvérisation CaroKannisante!"]
[Site "SchemingMind.com"]
[Date "2006.05.20"]
[Round "-"]
[White "McKnights"]
[Black "ghanafeast"]
[Result "1-0"]
[WhiteCountry "USA"]
[BlackCountry "GER"]
[WhiteElo "1805"]
[WhiteRD "60"]
[BlackElo "1714"]
[BlackRD "81"]
[GameID "51591"]

1. e4 c6 2. d4 d5 3. exd5 cxd5 4. Nf3 Nc6 5. Bb5 g6 6. Ne5 Bd7 7. Nxd7 Qxd7 8. Nc3 Bg7 9. Be3 e5 10. O-O exd4
11. Bxc6 Qxc6 12. Bxd4 Bf6 13. Re1+ Kd7 14. Bxf6 Nxf6 15. Qd4 Rhe8 16. Rxe8 Rxe8 17. Rd1 Ke6 18. Re1+ Kd7 19. Rxe8 Kxe8 20. Qxa7 Qe6
21. Qb8+ Ke7 22. Qxb7+ Kd6 23. Qb6+ Ke7 24. Qxe6+ fxe6 25. a4 Kd7 26. b4 Ne8 27. Kf1 Nd6 28. Ke2 Nc4 29. a5 Kc7 30. Kd3 Kb7
31. Na4 Kc6 32. Nc3 e5 33. b5+ Kc5 34. a6 d4 35. a7 Nb6 36. Na4+ Kxb5 37. Nxb6 Kxb6 38. a8=Q
1-0

[Event "Pulvérisation CaroKannisante!"]
[Site "SchemingMind.com"]
[Date "2006.05.20"]
[Round "-"]
[White "sorrochess"]
[Black "ghanafeast"]
[Result "1-0"]
[WhiteCountry "INT"]
[BlackCountry "GER"]
[WhiteElo "2142"]
[WhiteRD "90"]
[BlackElo "1714"]
[BlackRD "81"]
[GameID "51612"]

1. e4 c6 2. d4 d5 3. Nc3 dxe4 4. Nxe4 Bf5 5. Ng3 e6 6. Nxf5 exf5 7. Nf3 Bd6 8. Bd3 Ne7 9. O-O O-O 10. Bg5 Qc8
11. Re1 Re8 12. Bxe7 Bxe7 13. Ne5 Bd6 14. Bc4 Bxe5 15. dxe5 b5 16. Bb3 Na6 17. Qh5 Re7 18. Qg5 Kf8 19. c3 Nc5 20. Bc2 g6
21. Qh4 h5 22. Qf6 Re6 23. Qh8+ Ke7 24. Qh6 Nd7 25. f4 Qc7 26. Bb3 Rd8 27. Qg5+ Rf6 28. exf6+ Kf8 29. Qh6+ Kg8 30. Qg7#
1-0

[Event "Pulvérisation CaroKannisante!"]
[Site "SchemingMind.com"]
[Date "2006.05.20"]
[Round "-"]
[White "sorrochess"]
[Black "sansubari"]
[Result "1-0"]
[WhiteCountry "INT"]
[BlackCountry "MAS"]
[WhiteElo "2088"]
[WhiteRD "102"]
[BlackElo "1689"]
[BlackRD "64"]
[GameID "51613"]

1. e4 c6 2. d4 d5 3. Nc3 dxe4 4. Nxe4 Bf5 5. Ng3 Bg6 6. h4 h6 7. Nh3 e6 8. Nf4 Bh7 9. Be3 Bd6 10. Ngh5 Bf8
11. Qg4 g6 12. Ng3 Nf6 13. Qe2 Bg7 14. O-O-O Qa5 15. Rd3 Qxa2 16. Ra3 Qxa3 17. bxa3 O-O 18. Nd3 Nd5 19. Ne4 Rd8 20. Ne5 f5
21. Nc5 Nc3 22. Qc4 Nd5 23. Qb3 Nxe3 24. Qxe6+
1-0

[Event "Pulvérisation CaroKannisante!"]
[Site "SchemingMind.com"]
[Date "2006.05.20"]
[Round "-"]
[White "sorrochess"]
[Black "fouche"]
[Result "1-0"]
[WhiteCountry "INT"]
[BlackCountry "COL"]
[WhiteElo "2088"]
[WhiteRD "102"]
[BlackElo "1650"]
[BlackRD "62"]
[GameID "51615"]

1. e4 c6 2. d4 d5 3. Nc3 dxe4 4. Nxe4 Bf5 5. Ng3 Bg6 6. h4 h6 7. Bd3 Bxd3 8. Qxd3 Nf6 9. Bf4 e6 10. O-O-O Bd6
11. Bxd6 Qxd6 12. Nf3 Nbd7 13. Nd2 O-O-O 14. Kb1 Rhe8 15. Nge4 Qb4 16. Qg3 Nxe4 17. Nxe4 e5 18. Qxg7 f5 19. Ng3 f4 20. Nf5 e4
21. Qxh6 e3 22. Nd6+ Kc7 23. Nxe8+ Rxe8 24. Qxf4+ Kc8 25. fxe3 Nb6 26. a3 Qb5 27. e4 Nc4 28. Qf5+
1-0

[Event "Pulvérisation CaroKannisante!"]
[Site "SchemingMind.com"]
[Date "2006.05.20"]
[Round "-"]
[White "sorrochess"]
[Black "MatdeInverses"]
[Result "1-0"]
[WhiteCountry "INT"]
[BlackCountry "USA"]
[WhiteElo "2142"]
[WhiteRD "90"]
[BlackElo "1978"]
[BlackRD "46"]
[GameID "51616"]

1. e4 c6 2. d4 d5 3. Nc3 dxe4 4. Nxe4 Nf6 5. Nxf6+ gxf6 6. Ne2 Bf5 7. c3 Nd7 8. Ng3 Bg6 9. h4 h5 10. Be2 Qc7
11. Nxh5 O-O-O 12. Ng3 Nc5 13. h5 Be4 14. Nxe4 Nxe4 15. Bd3 f5 16. Bxe4 fxe4 17. Qg4+ Qd7 18. Qxe4 e5 19. Bg5 f5 20. Qc2 Re8
21. O-O-O e4 22. Qd2 Qd5 23. Kb1 Bd6 24. h6 e3 25. fxe3 Bg3 26. Rdf1 f4 27. exf4 Qf5+ 28. Ka1 Rh7 29. Rf3
1-0

[Event "Pulvérisation CaroKannisante!"]
[Site "SchemingMind.com"]
[Date "2006.05.20"]
[Round "-"]
[White "sorrochess"]
[Black "smsrdan"]
[Result "1-0"]
[WhiteCountry "INT"]
[BlackCountry "SRB"]
[WhiteElo "2142"]
[WhiteRD "90"]
[BlackElo "1999"]
[BlackRD "90"]
[GameID "51617"]

1. e4 c6 2. d4 d5 3. Nc3 dxe4 4. Nxe4 Bf5 5. Ng3 Bg6 6. h4 h6 7. Bc4 e6 8. N1e2 Nf6 9. Nf4 Bh7 10. Nfh5 Nbd7
11. c3 Nxh5 12. Nxh5 Nf6 13. Bf4 Nxh5 14. Qxh5 Bd6 15. Bxd6 Qxd6 16. O-O Bg6 17. Qf3 h5 18. Rfe1 O-O 19. Re5 Qd8 20. Qg3 Bf5
21. Be2 Qf6 22. Bxh5 g6 23. Be2 Kg7 24. Qg5 Rh8 25. g4 Bc2 26. Rc1 Ba4 27. h5 Qxg5 28. Rxg5 Kh6 29. Ra5 Bb5 30. c4 b6
31. Ra3 c5 32. cxb5 gxh5 33. dxc5 hxg4 34. Bxg4 f5 35. Bf3 Rag8+ 36. Bg2 Rg6 37. Rh3+ Kg7 38. cxb6 axb6 39. Rc7+
1-0

[Event "Pulvérisation CaroKannisante!"]
[Site "SchemingMind.com"]
[Date "2006.05.20"]
[Round "-"]
[White "sorrochess"]
[Black "McKnights"]
[Result "1-0"]
[WhiteCountry "INT"]
[BlackCountry "USA"]
[WhiteElo "2088"]
[WhiteRD "102"]
[BlackElo "1801"]
[BlackRD "67"]
[GameID "51618"]

1. e4 c6 2. d4 d5 3. Nc3 e6 4. Nf3 Bb4 5. Bd2 Bxc3 6. Bxc3 dxe4 7. Ne5 Nf6 8. Bb4 Nd5 9. Ba3 Nd7 10. Nc4 N7f6
11. Nd6+ Kd7 12. Qd2 e3 13. fxe3 Ne7 14. Nxf7 Ne4 15. Qd3 Qa5+ 16. c3 Rf8 17. Ne5+ Ke8 18. Qxe4 Nd5 19. Qxh7 Nxc3 20. Qh5+ g6
21. Qxg6+ Kd8 22. Qg5+ Ke8 23. Qe7#
1-0

[Event "Pulvérisation CaroKannisante!"]
[Site "SchemingMind.com"]
[Date "2006.05.20"]
[Round "-"]
[White "ghanafeast"]
[Black "sorrochess"]
[Result "0-1"]
[WhiteCountry "GER"]
[BlackCountry "INT"]
[WhiteElo "1654"]
[WhiteRD "116"]
[BlackElo "2088"]
[BlackRD "102"]
[GameID "51619"]

1. e4 c6 2. d4 d5 3. Nc3 dxe4 4. Nxe4 Nd7 5. Nf3 Ngf6 6. Nxf6+ Nxf6 7. Bg5 Qb6 8. b3 Bg4 9. Be2 O-O-O 10. c3 Bxf3
11. Bxf3 e5 12. d5 cxd5 13. Bxf6 gxf6 14. Bxd5 Qa5 15. Qg4+ Kb8 16. Bxf7 Qxc3+ 17. Ke2 Rd2+
0-1

[Event "Pulvérisation CaroKannisante!"]
[Site "SchemingMind.com"]
[Date "2006.05.21"]
[Round "-"]
[White "sansubari"]
[Black "sorrochess"]
[Result "0-1"]
[WhiteCountry "MAS"]
[BlackCountry "INT"]
[WhiteElo "1707"]
[WhiteRD "62"]
[BlackElo "2142"]
[BlackRD "90"]
[GameID "51620"]

1. e4 c6 2. d4 d5 3. e5 g6 4. Nf3 h5 5. c3 Bf5 6. Nh4 Bg4 7. Be2 Bxe2 8. Qxe2 e6 9. Nf3 Be7 10. Nbd2 Nh6
11. h3 Nf5 12. b4 Nd7 13. Nb3 g5 14. Na5 Qc7 15. Bxg5 Nxd4 16. cxd4 Bxb4+ 17. Bd2 Bxa5 18. O-O Bxd2 19. Qxd2 Nb6 20. Qg5 Qe7
21. Qg7 O-O-O 22. Qg5 Qxg5 23. Nxg5 Rdf8 24. h4 Nc4 25. a4 b6 26. Rfc1 Kd7 27. Nf3 Rfg8 28. Rc2 Rg4 29. g3 Rc8 30. Rd1 c5
31. dxc5 bxc5 32. a5 Rc7 33. Nh2 Re4 34. f3 Rd4 35. Ra1 Nxe5 36. a6 Kd6 37. Rb2 c4 38. Rab1 c3 39. Rc2 Rd2 40. Rbc1 d4
41. f4 Ng4 42. Nxg4 hxg4 43. Kf1 Rxc2 44. Rxc2 d3 45. Rc1 d2
0-1

[Event "Pulvérisation CaroKannisante!"]
[Site "SchemingMind.com"]
[Date "2006.05.22"]
[Round "-"]
[White "fouche"]
[Black "sorrochess"]
[Result "0-1"]
[WhiteCountry "COL"]
[BlackCountry "INT"]
[WhiteElo "1650"]
[WhiteRD "62"]
[BlackElo "2088"]
[BlackRD "102"]
[GameID "51622"]

1. e4 c6 2. d4 d5 3. Nc3 dxe4 4. Nxe4 Bf5 5. Ng3 Bg6 6. Nh3 e6 7. Nf4 Qc7 8. Bd3 Nf6 9. O-O Nbd7 10. c4 O-O-O
11. c5 e5 12. Nxg6 hxg6 13. Be3 exd4 14. Bxd4 Nxc5 15. Bxc5 Bxc5 16. Qb3 Ng4 17. Rad1 Nxh2 18. Qc4 Nf3+
0-1

[Event "Pulvérisation CaroKannisante!"]
[Site "SchemingMind.com"]
[Date "2006.05.20"]
[Round "-"]
[White "MatdeInverses"]
[Black "sorrochess"]
[Result "0-1"]
[WhiteCountry "USA"]
[BlackCountry "INT"]
[WhiteElo "1978"]
[WhiteRD "46"]
[BlackElo "2142"]
[BlackRD "90"]
[GameID "51623"]

1. e4 c6 2. d4 d5 3. exd5 cxd5 4. c4 Nf6 5. Nc3 Nc6 6. Nf3 g6 7. cxd5 Nxd5 8. Bc4 Nb6 9. Bb3 Bg7 10. Be3 O-O
11. h3 Na5 12. O-O Nxb3 13. axb3 Nd5 14. Qe2 Be6 15. Qb5 Qd6 16. Ne4 Qb4 17. Qxb4 Nxb4 18. Nc5 Bd5 19. Ne5 Rfc8 20. Rfc1 Bxe5
21. dxe5 b6
0-1

[Event "Pulvérisation CaroKannisante!"]
[Site "SchemingMind.com"]
[Date "2006.05.20"]
[Round "-"]
[White "smsrdan"]
[Black "sorrochess"]
[Result "1/2-1/2"]
[WhiteCountry "SRB"]
[BlackCountry "INT"]
[WhiteElo "1999"]
[WhiteRD "90"]
[BlackElo "2142"]
[BlackRD "90"]
[GameID "51624"]

1. e4 c6 2. d4 d5 3. Nc3 dxe4 4. Nxe4 Nd7 5. Bf4 Ngf6 6. Qe2 Nxe4 7. Qxe4 Nf6 8. Qd3 Bg4 9. Be2 e6 10. Bxg4 Nxg4
11. h3 Nf6 12. c3 Nd5 13. Bg3 Bd6 14. Ne2 O-O 15. O-O Re8 16. a3 Bxg3 17. Nxg3 Qb6 18. b4 a5 19. Ne4 Qc7 20. Rfe1 Red8
21. Qf3= axb4 22. axb4 b6 23. Nd2 Rxa1 24. Rxa1 c5 25. bxc5 bxc5 26. dxc5 Qxc5 27. Ne4 Qc7 28. Rd1 h6 29. Rc1 Nf4 30. Ng3 Rd3
31. Qa8+ Kh7 32. Qe4+ f5 33. Qe1 Qc6 34. Qf1 Rd2 35. Re1 Nd3 36. Re2 Qxc3 37. Rxd2 Qxd2 38. Qe2 Qxe2 39. Nxe2 e5 40. g3 g5
41. Kg2 h5 42. Kf1 Kg6 43. f3 h4 44. Kg2 hxg3 45. Kxg3 Nf4 46. Nc3 Nh5+ 47. Kg2 Kf6 48. Nd1 Nf4+ 49. Kh2 Ke6 50. Ne3 Ng6
51. Kg2 Ne7= 52. Kf2 e4 53. fxe4= fxe4=
1/2-1/2

[Event "Pulvérisation CaroKannisante!"]
[Site "SchemingMind.com"]
[Date "2006.05.20"]
[Round "-"]
[White "McKnights"]
[Black "sorrochess"]
[Result "0-1"]
[WhiteCountry "USA"]
[BlackCountry "INT"]
[WhiteElo "1805"]
[WhiteRD "60"]
[BlackElo "2142"]
[BlackRD "90"]
[GameID "51625"]

1. e4 c6 2. d4 d5 3. exd5 cxd5 4. Nf3 g6 5. Nc3 Bg7 6. Bb5+ Nc6 7. Be3 Nf6 8. O-O O-O 9. Re1 Bg4 10. h3 Bf5
11. Qe2 Rc8 12. Rad1 a6 13. Bd3 Bxd3 14. cxd3 e6 15. Ne5 Nd7 16. f4 Qe7 17. a3 Ncxe5 18. dxe5 f6 19. d4 Nb6 20. Kh2 Nc4
21. Bc1 Rfe8 22. Rd3 b5 23. Rg3 Na5 24. Qg4 Qf7 25. h4 Nc6 26. Be3 Ne7 27. Qe2 Nf5 28. Rg4 h5 29. g3 hxg4 30. Qxg4 fxe5
31. fxe5 Nxe3 32. Rxe3 Qf2+ 33. Kh3 Qxe3 34. h5 gxh5
0-1

[Event "Pulvérisation CaroKannisante!"]
[Site "SchemingMind.com"]
[Date "2006.05.24"]
[Round "-"]
[White "facedasire"]
[Black "ghanafeast"]
[Result "0-1"]
[WhiteCountry "USA"]
[BlackCountry "GER"]
[WhiteElo "1498"]
[WhiteRD "65"]
[BlackElo "1714"]
[BlackRD "81"]
[GameID "52375"]

1. e4 c6 2. d4 d5 3. e5 Bf5 4. g4 Bg6 5. Bd3 Bxd3 6. Qxd3 e6 7. Nf3 h6 8. Bd2 Ne7 9. Nc3 Ng6 10. O-O-O Be7
11. Ne2 O-O 12. h4 Bxh4 13. Nxh4 Nxh4 14. Rh2 Nd7 15. Rdh1 g5 16. f4 f6 17. exf6 Qxf6 18. f5 c5 19. c3 cxd4 20. Nxd4 Ne5
21. Qg3 exf5 22. Nxf5 Nxf5 23. gxf5 Nf7 24. Qg4 Rac8
0-1

[Event "Pulvérisation CaroKannisante!"]
[Site "SchemingMind.com"]
[Date "2006.05.24"]
[Round "-"]
[White "facedasire"]
[Black "sansubari"]
[Result "0-1"]
[WhiteCountry "USA"]
[BlackCountry "MAS"]
[WhiteElo "1498"]
[WhiteRD "65"]
[BlackElo "1707"]
[BlackRD "62"]
[GameID "52376"]

1. e4 c6 2. d4 d5 3. e5 Bf5 4. Bd3 Bg6 5. Bxg6 hxg6 6. Nf3 e6 7. Ng5 Be7 8. Qg4 Rh5 9. Nxe6 fxe6 10. Qxg6+ Kd7
11. Qxh5 Na6 12. Qf7 Qf8 13. Qxf8 Rxf8 14. O-O c5 15. c3 cxd4 16. cxd4 Nb4 17. Na3 a6 18. Rd1 Nh6 19. Bxh6 gxh6 20. g3 Rf3
21. Kg2 Rf5 22. f4 h5 23. h4 Rf7 24. Rd2 Rg7 25. Nc2 Nc6 26. a3 Bxh4 27. Kh3 Bxg3 28. Rg2 h4 29. Rf1 Rf7 30. Kg4 a5
31. b4 axb4 32. Nxb4 Nxd4
0-1

[Event "Pulvérisation CaroKannisante!"]
[Site "SchemingMind.com"]
[Date "2006.05.24"]
[Round "-"]
[White "facedasire"]
[Black "fouche"]
[Result "1-0"]
[WhiteCountry "USA"]
[BlackCountry "COL"]
[WhiteElo "1498"]
[WhiteRD "65"]
[BlackElo "1606"]
[BlackRD "59"]
[GameID "52378"]

1. e4 c6 2. d4 d5 3. e5 Bf5 4. Bd3 Bxd3 5. Qxd3 e6 6. Nf3 Nd7 7. O-O Be7 8. Nc3 Qa5 9. Bd2 Qc7 10. Bg5 O-O-O
11. Bxe7 Nxe7 12. Ng5 Rhg8 13. Nxf7 Rdf8 14. Nd6+ Kb8 15. Qh3 Nf5 16. Nxf5 exf5 17. Qxh7 Qb6 18. e6 Nf6 19. Qxf5 Qxb2 20. Qd3 Qa3
21. Rab1 Re8 22. Rb3 Qd6 23. Na4 Rxe6 24. Nc5 Re7 25. h3 Ne4 26. Nxe4 Rxe4 27. Rfb1 Re7 28. Qa6 Qc7 29. Rxb7+ Qxb7 30. Rxb7+ Rxb7
31. Qxc6 Rc8 32. Qxd5 Rxc2 33. Qe5+ Rbc7 34. a4 Kb7 35. Qe4+ Kb6 36. d5 Kc5 37. Qxc2+
1-0

[Event "Pulvérisation CaroKannisante!"]
[Site "SchemingMind.com"]
[Date "2006.05.24"]
[Round "-"]
[White "facedasire"]
[Black "MatdeInverses"]
[Result "0-1"]
[WhiteCountry "USA"]
[BlackCountry "USA"]
[WhiteElo "1498"]
[WhiteRD "65"]
[BlackElo "1978"]
[BlackRD "46"]
[GameID "52379"]

1. e4 c6 2. d4 d5 3. e5 Bf5 4. Bd3 Qd7 5. Bxf5 Qxf5 6. Nf3 Na6 7. O-O h5 8. Nh4 Qg4 9. Qxg4 hxg4 10. g3 e6
11. Nc3 Nb4 12. Be3 Nxc2 13. Rac1 Nb4 14. a3 Na6 15. f3 Be7 16. fxg4 Bxh4 17. gxh4 Rxh4 18. Kg2 Rxg4+ 19. Kh3 Rg6 20. Ne2 Ne7
21. Nf4 Rh6+ 22. Kg2 O-O-O 23. Nh3 Rg6+ 24. Kh1 Nf5 25. Bg1 Rh8 26. b4 Rxh3 27. Bf2 Rgh6 28. Bg1 Ng3+ 29. Kg2 Nxf1 30. Kxf1 Rxa3
31. b5 Nb8 32. bxc6 Nxc6 33. Ke2 Ra2+ 34. Ke3 Rhxh2 35. Bxh2 Rxh2 36. Kf4 Rh4+ 37. Ke3 Rxd4 38. Rxc6+ bxc6 39. Kxd4 g5 40. Kc5 g4
41. Kxc6 g3 42. Kd6 Kd8 43. Kc6 d4 44. Kb7 d3 45. Kxa7 d2 46. Kb6 d1=Q 47. Kc5 Qd5+ 48. Kb4 g2 49. Kc3 g1=Q 50. Kb4 Qgc5+
0-1

[Event "Pulvérisation CaroKannisante!"]
[Site "SchemingMind.com"]
[Date "2006.05.24"]
[Round "-"]
[White "facedasire"]
[Black "smsrdan"]
[Result "0-1"]
[WhiteCountry "USA"]
[BlackCountry "SRB"]
[WhiteElo "1498"]
[WhiteRD "65"]
[BlackElo "1999"]
[BlackRD "90"]
[GameID "52380"]

1. e4 c6 2. d4 d5 3. e5 Bf5 4. Bd3 Bxd3 5. Qxd3 e6 6. Nf3 Qb6 7. O-O Ne7 8. Nc3 Ng6 9. Ng5 h6 10. Nxe6 fxe6
11. Qxg6+ Kd7 12. Qf7+ Be7 13. Qxg7 Na6 14. Bxh6 Rag8 15. Qf7 Qxd4 16. Bg7 Qg4 17. g3 Rxg7 18. Qxg7 Qxg7 19. Rfe1 Qg4 20. Re2 Qh3
21. f4 Bc5+ 22. Kh1 Qxg3 23. Rg2 Qxf4 24. Na4 Qxa4 25. b3 Qf4 26. a3 Bxa3 27. Rxa3 Qc1+
0-1

[Event "Pulvérisation CaroKannisante!"]
[Site "SchemingMind.com"]
[Date "2006.05.24"]
[Round "-"]
[White "facedasire"]
[Black "sorrochess"]
[Result "0-1"]
[WhiteCountry "USA"]
[BlackCountry "INT"]
[WhiteElo "1498"]
[WhiteRD "65"]
[BlackElo "2142"]
[BlackRD "90"]
[GameID "52381"]

1. e4 c6 2. d4 d5 3. e5 c5 4. c3 Nc6 5. Nf3 Bg4 6. Be2 Bxf3 7. Bxf3 e6 8. O-O cxd4 9. cxd4 Qb6 10. Nc3 Qxd4
11. Qxd4 Nxd4 12. Be3 Nxf3+ 13. gxf3 Ne7 14. Bc5 Ng6 15. Rfe1 Bxc5 16. Nb5 O-O 17. Rac1 Bb6 18. Nd6 Bd4 19. f4 Nxf4 20. Nxb7 Nd3
21. Red1 Nxc1 22. Rxd4 Ne2+ 23. Kf1 Nxd4 24. f4 Rab8 25. Nd6 Rxb2 26. h4 Rxa2 27. Ke1 Rb8 28. Nb5 Rxb5 29. Kd1 Rb1#
0-1

[Event "Pulvérisation CaroKannisante!"]
[Site "SchemingMind.com"]
[Date "2006.05.24"]
[Round "-"]
[White "facedasire"]
[Black "McKnights"]
[Result "0-1"]
[WhiteCountry "USA"]
[BlackCountry "USA"]
[WhiteElo "1498"]
[WhiteRD "65"]
[BlackElo "1805"]
[BlackRD "60"]
[GameID "52382"]

1. e4 c6 2. d4 d5 3. e5 Bf5 4. Bd3 e6 5. Bxf5 exf5 6. Qf3 g6 7. Nh3 Be7 8. O-O f6 9. Re1 Nd7 10. exf6 Ndxf6
11. Bg5 Kf7 12. Bxf6 Bxf6 13. Qe3 Qd7 14. Nc3 Ne7 15. Re2 Rhe8 16. Qh6 Kg8 17. Ng5 Bxg5 18. Qxg5 Kg7 19. Rae1 Ng8 20. Na4 b6
21. h3 Nf6 22. g4 fxg4 23. hxg4 Re4 24. f3 Rxe2 25. Rxe2 Re8 26. Kf2 Rxe2+ 27. Kxe2 c5 28. b3 cxd4 29. Kd3 Qb5+ 30. Kxd4 Qe2
31. Qf4 Qxc2
0-1

[Event "Pulvérisation CaroKannisante!"]
[Site "SchemingMind.com"]
[Date "2006.05.25"]
[Round "-"]
[White "ghanafeast"]
[Black "facedasire"]
[Result "1-0"]
[WhiteCountry "GER"]
[BlackCountry "USA"]
[WhiteElo "1714"]
[WhiteRD "81"]
[BlackElo "1498"]
[BlackRD "65"]
[GameID "52383"]

1. e4 c6 2. d4 d5 3. Nc3 e6 4. Nf3 Bb4 5. Bd3 Bxc3+ 6. bxc3 dxe4 7. Bxe4 Nf6 8. Bd3 O-O 9. c4 b5 10. cxb5 cxb5
11. O-O Bb7 12. Be3 Ng4 13. c3 Nxe3 14. fxe3 a6 15. e4 f5 16. exf5 exf5 17. Ne5 g6 18. Qb3+ Kg7 19. c4 Qxd4+ 20. Kh1 Qxe5
21. Rae1 Qd6 22. Qc3+ Rf6 23. Re2 Nc6 24. Ref2
1-0

[Event "Pulvérisation CaroKannisante!"]
[Site "SchemingMind.com"]
[Date "2006.05.24"]
[Round "-"]
[White "sansubari"]
[Black "facedasire"]
[Result "1-0"]
[WhiteCountry "MAS"]
[BlackCountry "USA"]
[WhiteElo "1707"]
[WhiteRD "62"]
[BlackElo "1498"]
[BlackRD "65"]
[GameID "52384"]

1. e4 c6 2. d4 d5 3. e5 e6 4. Nf3 Ne7 5. c3 Nf5 6. Bd3 g6 7. Qb3 Bh6 8. Bxh6 Nxh6 9. h3 O-O 10. Qc2 f5
11. Nbd2 b6 12. b4 Ba6 13. a4 Bc4 14. Bxc4 dxc4 15. Nxc4 Nf7 16. a5 b5 17. Ne3 Ng5 18. Nxg5 Qxg5 19. h4 Qf4 20. h5 Na6
21. Qe2 Kg7 22. hxg6 hxg6 23. g3 Qg5 24. Qf3 Rh8 25. Ke2 Rac8 26. Ng2 Rh7 27. Qf4 Qxf4 28. Nxf4 Nc7 29. Rxh7+ Kxh7 30. Rh1+ Kg7
31. f3 Re8 32. Kd3
1-0

[Event "Pulvérisation CaroKannisante!"]
[Site "SchemingMind.com"]
[Date "2006.05.25"]
[Round "-"]
[White "fouche"]
[Black "facedasire"]
[Result "0-1"]
[WhiteCountry "COL"]
[BlackCountry "USA"]
[WhiteElo "1606"]
[WhiteRD "59"]
[BlackElo "1498"]
[BlackRD "65"]
[GameID "52386"]

1. e4 c6 2. d4 d5 3. Nc3 dxe4 4. Nxe4 f5 5. Ng3 Be6 6. Nf3 Nd7 7. Bd3 g6 8. Bd2 Qb6 9. b3 O-O-O 10. a4 a5
11. Rb1 Bd5 12. c4 Bxf3 13. Qxf3 Bh6 14. Be3 Bxe3 15. fxe3 e5 16. c5 Qb4+ 17. Ke2 e4 18. Nxe4 fxe4 19. Qxe4 Ngf6 20. Qf3 Rhf8
21. Qh3 Qa3 22. Kd2 Ne4+ 23. Bxe4 Rf2+ 24. Kd3 Kc7 25. Qg3+ Ne5+ 26. Qxe5+ Kc8 27. h4 Qa2 28. Kc3 Qd2+ 29. Kc4 Qb4+
0-1